[Event "M?R 2020 v rapid ?achu druzstev"]
[Site "Turnov"]
[Date "2020.09.13"]
[Round "8.5"]
[White "Pulpan DPP, Jakub"]
[Black "Kusa MOR_B, Jakub"]
[Result "1-0"]
[BlackElo "1899"]
[WhiteElo "2493"]
[LiveChessVersion "1.4.8"]

1. Nf3 {[%clk 0:15:08]} Nf6 {[%clk 0:15:08]} 2. b3 {[%clk 0:15:12]} g6
{[%clk 0:15:09]} 3. Bb2 {[%clk 0:15:16]} Bg7 {[%clk 0:15:10]} 4. g3
{[%clk 0:15:20]} O-O {[%clk 0:15:10]} 5. Bg2 {[%clk 0:15:24]} d6 {[%clk 0:15:07]}
6. d4 {[%clk 0:15:27]} Nbd7 {[%clk 0:15:08]} 7. O-O {[%clk 0:15:30]} e5
{[%clk 0:15:01]} 8. dxe5 {[%clk 0:15:34]} Ng4 {[%clk 0:15:01]} 9. c4
{[%clk 0:15:38]} Ngxe5 {[%clk 0:14:48]} 10. Nxe5 {[%clk 0:15:42]} Nxe5
{[%clk 0:14:46]} 11. Nc3 {[%clk 0:15:46]} Nc6 {[%clk 0:14:27]} 12. Qd2
{[%clk 0:15:37]} Be6 {[%clk 0:14:18]} 13. Ne4 {[%clk 0:15:03]} Bf5
{[%clk 0:13:25]} 14. Bxg7 {[%clk 0:14:57]} Kxg7 {[%clk 0:13:24]} 15. Qb2+
{[%clk 0:14:57]} f6 {[%clk 0:12:40]} 16. Nc3 {[%clk 0:14:54]} Re8
{[%clk 0:12:05]} 17. Rfd1 {[%clk 0:14:49]} Qe7 {[%clk 0:11:20]} 18. Nd5
{[%clk 0:14:50]} Qf7 {[%clk 0:11:19]} 19. Rac1 {[%clk 0:14:20]} Be4
{[%clk 0:10:05]} 20. f3 {[%clk 0:14:04]} Bxd5 {[%clk 0:09:04]} 21. cxd5
{[%clk 0:14:06]} Nd8 {[%clk 0:08:46]} 22. e4 {[%clk 0:12:27]} Qe7
{[%clk 0:08:12]} 23. Qd4 {[%clk 0:12:14]} Qd7 {[%clk 0:06:38]} 24. Rc3
{[%clk 0:12:02]} b6 {[%clk 0:06:05]} 25. Rdc1 {[%clk 0:11:56]} Rc8
{[%clk 0:06:08]} 26. Qa4 {[%clk 0:11:44]} Qxa4 {[%clk 0:05:47]} 27. bxa4
{[%clk 0:11:48]} c5 {[%clk 0:05:22]} 28. dxc6 {[%clk 0:11:52]} Rc7
{[%clk 0:05:25]} 29. Bh3 {[%clk 0:11:03]} Re5 {[%clk 0:04:43]} 30. Rd3
{[%clk 0:06:06]} Rc5 {[%clk 0:03:05]} 31. Rcd1 {[%clk 0:05:42]} Nf7
{[%clk 0:02:58]} 32. f4 {[%clk 0:05:46]} R5xc6 {[%clk 0:02:50]} 33. Be6
{[%clk 0:05:50]} Re7 {[%clk 0:02:20]} 34. Bd5 {[%clk 0:05:39]} Rc5
{[%clk 0:01:53]} 35. Kf2 {[%clk 0:05:24]} Ra5 {[%clk 0:01:04]} 36. Rd4
{[%clk 0:04:47]} Nh6 {[%clk 0:00:49]} 37. h3 {[%clk 0:04:17]} f5 {[%clk 0:00:36]}
38. Kf3 {[%clk 0:04:08]} fxe4+ {[%clk 0:00:13]} 39. Bxe4 Nf5 40. Rd5 Rxa4 41.
Bxf5 gxf5 {[%clk 0:15:05]} 42. Rxf5 1-0

[Event "M?R 2020 v rapid ?achu druzstev"]
[Site "Turnov"]
[Date "2020.09.13"]
[Round "8.6"]
[White "Bures MOR_B, Vit"]
[Black "Kourousis DPP, Epameinondas"]
[Result "1/2-1/2"]
[BlackElo "2418"]
[WhiteElo "2185"]
[LiveChessVersion "1.4.8"]

1. d4 {[%clk 0:15:03]} Nf6 {[%clk 0:15:09]} 2. c4 {[%clk 0:15:06]} e6
{[%clk 0:15:13]} 3. Nc3 {[%clk 0:15:11]} Bb4 {[%clk 0:15:16]} 4. e3
{[%clk 0:15:14]} O-O {[%clk 0:15:19]} 5. Nge2 {[%clk 0:15:18]} Re8
{[%clk 0:15:18]} 6. a3 {[%clk 0:15:04]} Bf8 {[%clk 0:15:21]} 7. Ng3
{[%clk 0:15:01]} d5 {[%clk 0:15:00]} 8. cxd5 {[%clk 0:15:02]} exd5
{[%clk 0:15:04]} 9. Bd3 {[%clk 0:15:03]} Nbd7 {[%clk 0:14:50]} 10. O-O
{[%clk 0:14:58]} c5 {[%clk 0:14:18]} 11. dxc5 {[%clk 0:14:54]} Nxc5
{[%clk 0:14:22]} 12. b4 {[%clk 0:14:53]} Nxd3 {[%clk 0:13:23]} 13. Qxd3
{[%clk 0:14:57]} h5 {[%clk 0:13:23]} 14. Bb2 {[%clk 0:12:36]} h4 {[%clk 0:13:27]}
15. Nf5 {[%clk 0:12:40]} h3 {[%clk 0:13:24]} 16. g3 {[%clk 0:12:31]} g6
{[%clk 0:12:10]} 17. Nd4 {[%clk 0:12:18]} Bg7 {[%clk 0:11:30]} 18. Rad1
{[%clk 0:11:12]} Ng4 {[%clk 0:10:57]} 19. Qb5 {[%clk 0:07:21]} Nf6
{[%clk 0:09:16]} 20. Rfe1 {[%clk 0:03:33]} a6 {[%clk 0:09:16]} 21. Qd3
{[%clk 0:03:36]} Bg4 {[%clk 0:09:11]} 22. f3 {[%clk 0:03:25]} Bd7
{[%clk 0:08:54]} 23. Nde2 {[%clk 0:02:37]} Qb6 {[%clk 0:08:30]} 24. Nf4
{[%clk 0:02:38]} Qc6 {[%clk 0:02:40]} 25. Nce2 {[%clk 0:01:52]} Bf5
{[%clk 0:02:37]} 26. Qd2 {[%clk 0:01:43]} Qc2 {[%clk 0:02:31]} 27. Nd4
{[%clk 0:01:37]} Qxd2 {[%clk 0:02:32]} 28. Rxd2 {[%clk 0:01:41]} Bd7
{[%clk 0:02:28]} 29. Nb3 {[%clk 0:01:25]} Ba4 {[%clk 0:02:07]} 30. Nc5
{[%clk 0:01:24]} Bc6 {[%clk 0:02:11]} 31. Kf2 {[%clk 0:01:21]} a5
{[%clk 0:02:00]} 32. Nxh3 {[%clk 0:00:41]} axb4 {[%clk 0:02:04]} 33. axb4
{[%clk 0:00:45]} Ra2 {[%clk 0:01:32]} 1/2-1/2

[Event "M?R 2020 v rapid ?achu druzstev"]
[Site "Turnov"]
[Date "2020.09.13"]
[Round "8.7"]
[White "Burdalev DPP, Kirill"]
[Black "Skacelik MOR_B, Petr"]
[Result "1-0"]
[BlackElo "2119"]
[WhiteElo "2299"]
[LiveChessVersion "1.4.8"]

1. d4 {[%clk 0:15:08]} Nf6 {[%clk 0:15:09]} 2. Nf3 {[%clk 0:15:12]} g6
{[%clk 0:15:13]} 3. Bf4 {[%clk 0:15:16]} Bg7 {[%clk 0:15:18]} 4. Nc3
{[%clk 0:15:20]} d6 {[%clk 0:15:19]} 5. Qd2 {[%clk 0:15:12]} O-O {[%clk 0:15:14]}
6. e4 {[%clk 0:14:48]} e6 {[%clk 0:15:04]} 7. Bh6 {[%clk 0:14:35]} Bxh6
{[%clk 0:14:21]} 8. Qxh6 {[%clk 0:14:38]} Ng4 {[%clk 0:14:24]} 9. Qd2
{[%clk 0:14:21]} Kg7 {[%clk 0:13:17]} 10. h3 {[%clk 0:14:07]} Nh6
{[%clk 0:13:22]} 11. Bd3 {[%clk 0:13:53]} Nc6 {[%clk 0:13:15]} 12. e5
{[%clk 0:11:36]} Nf5 {[%clk 0:12:29]} 13. Bxf5 {[%clk 0:10:31]} exf5
{[%clk 0:12:32]} 14. exd6 {[%clk 0:09:45]} cxd6 {[%clk 0:12:30]} 15. O-O
{[%clk 0:09:25]} Bd7 {[%clk 0:12:22]} 16. Rfe1 {[%clk 0:09:22]} Re8
{[%clk 0:12:04]} 17. Qf4 {[%clk 0:09:23]} Qb6 {[%clk 0:10:05]} 18. b3
{[%clk 0:08:12]} Ne7 {[%clk 0:09:49]} 19. Re3 {[%clk 0:07:37]} Rac8
{[%clk 0:08:56]} 20. Rae1 {[%clk 0:06:29]} Ng8 {[%clk 0:08:29]} 21. Nd5
{[%clk 0:06:21]} Qc6 {[%clk 0:08:29]} 22. c4 {[%clk 0:06:04]} Rxe3
{[%clk 0:08:13]} 23. Rxe3 {[%clk 0:05:16]} b5 {[%clk 0:08:07]} 24. Ne7
{[%clk 0:04:25]} Nxe7 {[%clk 0:08:09]} 25. Rxe7 {[%clk 0:04:29]} Re8
{[%clk 0:08:09]} 26. d5 {[%clk 0:04:09]} Qc7 {[%clk 0:08:05]} 27. Qd4+ Kg8 28.
Qf6 {[%clk 0:03:01]} Rxe7 {[%clk 0:08:02]} 29. Qxe7 {[%clk 0:03:02]} h6
{[%clk 0:08:02]} 30. c5 {[%clk 0:02:38]} Qxc5 {[%clk 0:07:04]} 31. Qxd7
{[%clk 0:02:41]} Qc1+ {[%clk 0:07:08]} 32. Kh2 {[%clk 0:02:44]} Qf4+
{[%clk 0:07:12]} 33. Kh1 {[%clk 0:02:48]} g5 {[%clk 0:07:10]} 34. Qxa7
{[%clk 0:02:25]} g4 {[%clk 0:07:11]} 35. Ng1 {[%clk 0:01:59]} Kg7
{[%clk 0:06:47]} 36. Qe3 {[%clk 0:01:56]} Qb4 {[%clk 0:06:51]} 37. Ne2
{[%clk 0:01:53]} Qe1+ {[%clk 0:06:44]} 38. Kh2 {[%clk 0:01:56]} Qd1
{[%clk 0:06:49]} 39. Qd4+ {[%clk 0:02:00]} 1-0

[Event "M?R 2020 v rapid ?achu druzstev"]
[Site "Turnov"]
[Date "2020.09.13"]
[Round "8.8"]
[White "Vavra MOR_B, Michal"]
[Black "Pribyl DPP, Josef"]
[Result "0-1"]
[BlackElo "2256"]
[WhiteElo "2030"]
[LiveChessVersion "1.4.8"]

1. Nf3 {[%clk 0:14:58]} d5 {[%clk 0:15:08]} 2. c4 {[%clk 0:14:58]} d4
{[%clk 0:15:10]} 3. g3 {[%clk 0:14:45]} c5 {[%clk 0:15:14]} 4. Bg2
{[%clk 0:14:43]} Nc6 {[%clk 0:15:18]} 5. O-O {[%clk 0:14:40]} Nf6
{[%clk 0:15:19]} 6. d3 {[%clk 0:14:16]} e5 {[%clk 0:15:23]} 7. Na3
{[%clk 0:13:54]} Bd6 {[%clk 0:15:13]} 8. Rb1 {[%clk 0:13:40]} O-O
{[%clk 0:15:13]} 9. Nb5 {[%clk 0:13:20]} Bb8 {[%clk 0:15:09]} 10. Bd2
{[%clk 0:13:00]} Re8 {[%clk 0:14:57]} 11. b4 {[%clk 0:12:27]} cxb4
{[%clk 0:14:57]} 12. Bxb4 {[%clk 0:12:30]} a6 {[%clk 0:14:41]} 13. Na3
{[%clk 0:12:21]} Nxb4 {[%clk 0:14:05]} 14. Rxb4 {[%clk 0:12:24]} Bd6
{[%clk 0:13:54]} 15. Rb3 {[%clk 0:12:03]} Bd7 {[%clk 0:13:51]} 16. Nc2
{[%clk 0:10:52]} b5 {[%clk 0:13:26]} 17. Nd2 {[%clk 0:10:15]} Rb8
{[%clk 0:13:17]} 18. Qb1 {[%clk 0:09:52]} Qa5 {[%clk 0:12:57]} 19. Rd1
{[%clk 0:09:02]} Be6 {[%clk 0:12:30]} 20. e3 {[%clk 0:08:19]} Bc5
{[%clk 0:10:46]} 21. Ne4 {[%clk 0:06:38]} Nxe4 {[%clk 0:10:48]} 22. Bxe4
{[%clk 0:06:38]} dxe3 {[%clk 0:10:19]} 23. Nxe3 {[%clk 0:06:14]} Rbc8
{[%clk 0:09:47]} 24. Nd5 {[%clk 0:05:43]} Bd7 {[%clk 0:08:59]} 25. Rc1
{[%clk 0:04:18]} f5 {[%clk 0:08:24]} 26. Bg2 {[%clk 0:04:07]} Kh8
{[%clk 0:08:28]} 27. Qb2 {[%clk 0:03:23]} Bd4 {[%clk 0:08:21]} 28. Qe2
{[%clk 0:03:16]} bxc4 {[%clk 0:07:40]} 29. dxc4 {[%clk 0:03:14]} e4
{[%clk 0:07:31]} 30. Rd1 {[%clk 0:02:17]} Qc5 {[%clk 0:07:14]} 31. Qd2
{[%clk 0:02:07]} Be5 {[%clk 0:04:06]} 32. Nb6 {[%clk 0:02:04]} Be6
{[%clk 0:04:08]} 33. Nxc8 {[%clk 0:02:01]} Rxc8 {[%clk 0:04:12]} 34. Qd8+
{[%clk 0:01:52]} Rxd8 {[%clk 0:04:13]} 35. Rxd8+ {[%clk 0:01:56]} Bg8
{[%clk 0:04:17]} 36. Bf1 {[%clk 0:01:29]} h6 {[%clk 0:04:15]} 37. Rb7
{[%clk 0:01:27]} Kh7 {[%clk 0:04:09]} 38. g4 {[%clk 0:01:25]} f4 {[%clk 0:04:00]}
39. Bh3 {[%clk 0:01:01]} Qxc4 {[%clk 0:03:40]} 40. Rb1 {[%clk 0:00:42]} Qxa2
{[%clk 0:03:03]} 41. Rbd1 {[%clk 0:00:42]} Qb3 {[%clk 0:03:00]} 42. Bg2
{[%clk 0:00:38]} f3 {[%clk 0:03:00]} 43. Bf1 {[%clk 0:00:42]} Qe6
{[%clk 0:02:46]} 44. h3 {[%clk 0:00:42]} Qf6 {[%clk 0:02:49]} 45. Ra8
{[%clk 0:00:15]} Qf4 {[%clk 0:02:50]} 0-1

[Event "M?R 2020 v rapid ?achu druzstev"]
[Site "Turnov"]
[Date "2020.09.13"]
[Round "9.1"]
[White "Pisk MOR_A, Petr"]
[Black "Natsidis DEC, Christoph"]
[Result "1/2-1/2"]
[BlackElo "2306"]
[WhiteElo "2379"]
[LiveChessVersion "1.4.8"]

1. e4 {[%clk 0:15:07]} c5 {[%clk 0:15:10]} 2. Nf3 {[%clk 0:15:09]} e6
{[%clk 0:15:14]} 3. c4 {[%clk 0:15:08]} Nc6 {[%clk 0:15:09]} 4. d4
{[%clk 0:15:12]} cxd4 {[%clk 0:15:10]} 5. Nxd4 {[%clk 0:15:15]} Nf6
{[%clk 0:15:12]} 6. Nc3 {[%clk 0:14:57]} Bb4 {[%clk 0:14:51]} 7. Nxc6
{[%clk 0:14:49]} dxc6 {[%clk 0:14:26]} 8. Qxd8+ {[%clk 0:14:36]} Kxd8
{[%clk 0:14:08]} 9. Bd2 {[%clk 0:14:00]} e5 {[%clk 0:13:58]} 10. O-O-O
{[%clk 0:13:55]} Kc7 {[%clk 0:12:34]} 11. f3 {[%clk 0:11:03]} Bc5
{[%clk 0:12:11]} 12. Bd3 {[%clk 0:10:08]} Be6 {[%clk 0:12:04]} 13. Kc2
{[%clk 0:10:02]} h6 {[%clk 0:11:14]} 14. Ne2 {[%clk 0:07:48]} a5 {[%clk 0:10:19]}
15. Bc3 {[%clk 0:07:40]} Nd7 {[%clk 0:10:21]} 16. f4 {[%clk 0:07:32]} f6
{[%clk 0:10:03]} 17. Rhf1 {[%clk 0:06:58]} exf4 {[%clk 0:09:29]} 18. Nxf4
{[%clk 0:06:51]} Rhe8 {[%clk 0:09:05]} 19. Nxe6+ {[%clk 0:05:13]} Rxe6
{[%clk 0:09:09]} 20. b3 {[%clk 0:05:17]} Bb4 {[%clk 0:08:49]} 21. Bb2
{[%clk 0:04:32]} Rae8 {[%clk 0:08:53]} 22. Rf5 {[%clk 0:04:18]} b6
{[%clk 0:08:45]} 23. g3 {[%clk 0:03:15]} Nc5 {[%clk 0:07:47]} 24. e5
{[%clk 0:02:38]} Nxd3 {[%clk 0:07:03]} 25. Rxd3 {[%clk 0:02:38]} fxe5
{[%clk 0:06:54]} 26. Re3 {[%clk 0:02:02]} Bd6 {[%clk 0:06:41]} 27. Rf7+
{[%clk 0:01:54]} R6e7 {[%clk 0:06:25]} 28. Rxe7+ {[%clk 0:01:56]} Rxe7
{[%clk 0:06:29]} 29. Kd3 {[%clk 0:01:57]} Kd7 {[%clk 0:06:23]} 30. Ke4
{[%clk 0:01:55]} Rf7 {[%clk 0:05:16]} 31. Rf3 {[%clk 0:01:55]} Rxf3
{[%clk 0:04:27]} 32. Kxf3 {[%clk 0:01:59]} Ke6 {[%clk 0:04:31]} 33. Ke4
{[%clk 0:02:00]} h5 {[%clk 0:04:23]} 34. h3 {[%clk 0:02:03]} g6 {[%clk 0:04:27]}
35. a4 {[%clk 0:01:57]} Bc7 {[%clk 0:03:37]} 36. Bc3 {[%clk 0:01:56]} Kf6
{[%clk 0:03:25]} 1/2-1/2

[Event "M?R 2020 v rapid ?achu druzstev"]
[Site "Turnov"]
[Date "2020.09.13"]
[Round "9.2"]
[White "Buchcar DEC, Tomas"]
[Black "Zeman MOR_A, Matyas"]
[Result "1-0"]
[BlackElo "2255"]
[WhiteElo "2075"]
[LiveChessVersion "1.4.8"]

1. c4 {[%clk 0:15:07]} g6 {[%clk 0:15:04]} 2. g3 {[%clk 0:15:11]} Bg7
{[%clk 0:15:07]} 3. Bg2 {[%clk 0:15:15]} d6 {[%clk 0:15:08]} 4. Nc3
{[%clk 0:15:18]} Nf6 {[%clk 0:14:54]} 5. Nf3 {[%clk 0:15:18]} e5 {[%clk 0:14:52]}
6. d3 {[%clk 0:15:21]} O-O {[%clk 0:14:48]} 7. O-O {[%clk 0:15:23]} Nc6
{[%clk 0:14:49]} 8. Re1 {[%clk 0:15:12]} a5 {[%clk 0:14:21]} 9. Rb1
{[%clk 0:15:10]} h6 {[%clk 0:13:26]} 10. a3 {[%clk 0:15:11]} Be6 {[%clk 0:13:22]}
11. b4 {[%clk 0:15:06]} axb4 {[%clk 0:13:25]} 12. axb4 {[%clk 0:15:09]} Nd7
{[%clk 0:12:49]} 13. Nd2 {[%clk 0:14:45]} Rb8 {[%clk 0:12:36]} 14. e3
{[%clk 0:14:12]} Nb6 {[%clk 0:11:25]} 15. b5 {[%clk 0:13:43]} Ne7
{[%clk 0:11:27]} 16. Na4 {[%clk 0:13:43]} Nxa4 {[%clk 0:11:21]} 17. Qxa4
{[%clk 0:13:45]} d5 {[%clk 0:11:25]} 18. c5 {[%clk 0:12:43]} c6 {[%clk 0:10:27]}
19. Nb3 {[%clk 0:12:02]} Ra8 {[%clk 0:08:23]} 20. Qb4 {[%clk 0:12:05]} d4
{[%clk 0:06:35]} 21. bxc6 {[%clk 0:11:01]} bxc6 {[%clk 0:06:39]} 22. exd4
{[%clk 0:09:15]} exd4 {[%clk 0:06:38]} 23. Bf4 {[%clk 0:08:46]} Nd5
{[%clk 0:06:28]} 24. Qd2 {[%clk 0:06:58]} Nc3 {[%clk 0:06:25]} 25. Rb2
{[%clk 0:05:26]} Bd5 {[%clk 0:06:18]} 26. Bd6 {[%clk 0:05:21]} Re8
{[%clk 0:06:15]} 27. Rxe8+ {[%clk 0:05:06]} Qxe8 {[%clk 0:06:18]} 28. Bxd5
{[%clk 0:05:10]} Nxd5 {[%clk 0:06:18]} 29. Nc1 {[%clk 0:04:02]} Qe6
{[%clk 0:05:45]} 30. Ne2 {[%clk 0:03:43]} Ra1+ {[%clk 0:05:39]} 31. Kg2
{[%clk 0:03:36]} g5 {[%clk 0:05:11]} 32. h3 Kh7 {[%clk 0:04:47]} 33. Rb7
{[%clk 0:01:44]} Qf5 {[%clk 0:03:12]} 34. g4 {[%clk 0:01:27]} Qe6
{[%clk 0:03:15]} 35. Ng3 {[%clk 0:01:32]} Ra2 {[%clk 0:02:28]} 36. Rb2
{[%clk 0:01:35]} Ne3+ {[%clk 0:02:03]} 37. Kh2 {[%clk 0:01:26]} Qd5
{[%clk 0:01:40]} 38. f3 {[%clk 0:00:38]} Rxb2 {[%clk 0:01:24]} 39. Qxb2
{[%clk 0:00:42]} Qxf3 {[%clk 0:01:27]} 40. Qe2 {[%clk 0:00:45]} Qd5
{[%clk 0:00:50]} 41. Ne4 {[%clk 0:00:48]} f5 {[%clk 0:00:53]} 42. gxf5
{[%clk 0:00:42]} Qxf5 {[%clk 0:00:56]} 43. Qf2 {[%clk 0:00:33]} Be5+
{[%clk 0:00:26]} 44. Bxe5 Qxe5+ {[%clk 0:00:30]} 45. Kg1 {[%clk 0:00:41]} Kg6
{[%clk 0:00:27]} 46. Qf8 {[%clk 0:00:32]} Qf5 {[%clk 0:00:12]} 47. Qg8+
{[%clk 0:00:30]} Kh5 {[%clk 0:00:09]} 48. Ng3+ {[%clk 0:00:34]} Kh4
{[%clk 0:00:11]} 49. Nxf5+ Nxf5 {[%clk 0:00:15]} 50. Qe6 {[%clk 0:00:38]} 1-0

[Event "M?R 2020 v rapid ?achu druzstev"]
[Site "Turnov"]
[Date "2020.09.13"]
[Round "9.3"]
[White "Obsivac MOR_A, Josef"]
[Black "Babicka DEC, Michal"]
[Result "0-1"]
[BlackElo "2005"]
[WhiteElo "2257"]
[LiveChessVersion "1.4.8"]

1. d4 {[%clk 0:15:07]} Nf6 {[%clk 0:15:09]} 2. c4 {[%clk 0:15:11]} g6
{[%clk 0:15:12]} 3. Nc3 {[%clk 0:15:15]} Bg7 {[%clk 0:15:16]} 4. e4
{[%clk 0:15:18]} d6 {[%clk 0:15:20]} 5. Nf3 {[%clk 0:15:20]} O-O {[%clk 0:15:18]}
6. h3 {[%clk 0:15:23]} Na6 {[%clk 0:15:12]} 7. Bg5 {[%clk 0:15:15]} c6
{[%clk 0:15:16]} 8. Be2 {[%clk 0:14:35]} Qa5 {[%clk 0:15:13]} 9. O-O
{[%clk 0:13:43]} e5 {[%clk 0:15:04]} 10. d5 {[%clk 0:13:24]} cxd5
{[%clk 0:15:04]} 11. cxd5 {[%clk 0:13:10]} Nc5 {[%clk 0:15:04]} 12. Nd2
{[%clk 0:12:41]} a6 {[%clk 0:14:22]} 13. a3 {[%clk 0:11:09]} Qc7 {[%clk 0:11:49]}
14. Rc1 {[%clk 0:10:13]} Qb8 {[%clk 0:11:40]} 15. b4 {[%clk 0:10:07]} Ncd7
{[%clk 0:11:43]} 16. Nc4 {[%clk 0:09:24]} b5 {[%clk 0:11:44]} 17. Na5
{[%clk 0:09:08]} Bb7 {[%clk 0:11:48]} 18. Nc6 {[%clk 0:07:19]} Bxc6
{[%clk 0:11:43]} 19. dxc6 {[%clk 0:07:20]} Nb6 {[%clk 0:11:46]} 20. Qc2
{[%clk 0:05:24]} Qc7 {[%clk 0:11:38]} 21. Nb1 {[%clk 0:04:05]} d5
{[%clk 0:10:41]} 22. exd5 {[%clk 0:04:01]} Nbxd5 {[%clk 0:10:07]} 23. Nd2
{[%clk 0:03:43]} Rac8 {[%clk 0:09:25]} 24. Bf3 {[%clk 0:03:37]} h6
{[%clk 0:09:16]} 25. Bh4 {[%clk 0:03:37]} Nf4 {[%clk 0:08:48]} 26. Ne4
{[%clk 0:02:17]} Nxe4 {[%clk 0:08:50]} 27. Bxe4 {[%clk 0:02:20]} f5
{[%clk 0:08:28]} 28. Qa2+ {[%clk 0:02:22]} Kh7 {[%clk 0:08:29]} 29. Bb1
{[%clk 0:02:20]} Qb6 {[%clk 0:07:57]} 30. Qc2 {[%clk 0:01:57]} e4
{[%clk 0:07:40]} 31. Be7 {[%clk 0:01:09]} Rfe8 {[%clk 0:07:44]} 32. Bc5
{[%clk 0:00:53]} Qxc6 {[%clk 0:07:44]} 33. Rcd1 {[%clk 0:00:52]} Nd3
{[%clk 0:07:45]} 34. Qb3 {[%clk 0:00:38]} Nxc5 {[%clk 0:07:42]} 35. bxc5
{[%clk 0:00:41]} Qxc5 {[%clk 0:07:45]} 36. Rd7 {[%clk 0:00:41]} Qc4
{[%clk 0:07:41]} 37. Qg3 {[%clk 0:00:17]} Red8 {[%clk 0:07:24]} 38. Rfd1
{[%clk 0:00:09]} Rxd7 {[%clk 0:07:16]} 39. Rxd7 {[%clk 0:00:12]} Qc1+
{[%clk 0:07:19]} 40. Kh2 {[%clk 0:00:15]} Qxb1 {[%clk 0:07:09]} 41. Qe5 Rg8 42.
Qe6 0-1

[Event "M?R 2020 v rapid ?achu druzstev"]
[Site "Turnov"]
[Date "2020.09.13"]
[Round "9.6"]
[White "Kourousis DPP, Epameinondas"]
[Black "Kaderabek BAK, Jiri"]
[Result "0-1"]
[BlackElo "2124"]
[WhiteElo "2418"]
[LiveChessVersion "1.4.8"]

1. d4 {[%clk 0:15:08]} Nf6 {[%clk 0:15:10]} 2. Nf3 {[%clk 0:15:11]} c5
{[%clk 0:15:13]} 3. d5 {[%clk 0:15:14]} e6 {[%clk 0:15:13]} 4. c4
{[%clk 0:14:19]} b5 {[%clk 0:14:54]} 5. Bg5 {[%clk 0:13:37]} h6 {[%clk 0:14:28]}
6. Bxf6 {[%clk 0:13:11]} Qxf6 {[%clk 0:14:14]} 7. Nc3 {[%clk 0:13:14]} b4
{[%clk 0:13:55]} 8. Nb5 {[%clk 0:12:35]} Na6 {[%clk 0:13:43]} 9. e4
{[%clk 0:11:51]} e5 {[%clk 0:13:24]} 10. a3 {[%clk 0:10:18]} Bd6 {[%clk 0:12:27]}
11. Be2 {[%clk 0:09:04]} O-O {[%clk 0:12:27]} 12. O-O {[%clk 0:08:27]} Bb7
{[%clk 0:11:37]} 13. Ne1 {[%clk 0:07:52]} Bb8 {[%clk 0:11:27]} 14. Nd3
{[%clk 0:07:38]} bxa3 {[%clk 0:09:58]} 15. bxa3 {[%clk 0:07:42]} Nc7
{[%clk 0:09:47]} 16. Nxc5 {[%clk 0:07:27]} Bc8 {[%clk 0:09:05]} 17. Bg4
{[%clk 0:06:32]} Nxb5 {[%clk 0:07:42]} 18. cxb5 {[%clk 0:06:35]} Qe7
{[%clk 0:06:48]} 19. Nd3 {[%clk 0:04:42]} Bc7 {[%clk 0:05:58]} 20. Qb3
{[%clk 0:04:07]} Bb6 {[%clk 0:05:23]} 21. Rac1 {[%clk 0:03:47]} a6
{[%clk 0:03:56]} 22. bxa6 {[%clk 0:03:08]} Rxa6 {[%clk 0:03:17]} 23. Nb4
{[%clk 0:02:59]} Ra8 {[%clk 0:02:54]} 24. Bf3 {[%clk 0:01:00]} Qd6
{[%clk 0:02:42]} 25. Rfd1 {[%clk 0:00:54]} Ba6 {[%clk 0:02:07]} 26. Qb2
{[%clk 0:00:34]} Rfb8 {[%clk 0:01:42]} 27. Qc3 {[%clk 0:00:19]} Bb5
{[%clk 0:01:33]} 28. g3 {[%clk 0:00:21]} Bd4 {[%clk 0:01:16]} 29. Rxd4
{[%clk 0:00:12]} exd4 {[%clk 0:01:20]} 30. Qxd4 {[%clk 0:00:16]} Rxa3
{[%clk 0:01:18]} 31. e5 {[%clk 0:00:20]} Qb6 {[%clk 0:00:46]} 32. Qxb6
{[%clk 0:00:20]} Rxb6 {[%clk 0:00:50]} 33. Be4 {[%clk 0:00:15]} Rb8
{[%clk 0:00:40]} 34. d6 {[%clk 0:00:18]} Ra4 {[%clk 0:00:33]} 35. Rb1
{[%clk 0:00:07]} Bd3 {[%clk 0:00:25]} 36. Bxd3 {[%clk 0:00:08]} Raxb4
{[%clk 0:00:29]} 37. Rc1 {[%clk 0:00:07]} g5 {[%clk 0:00:18]} 38. Bf5
{[%clk 0:00:10]} R8b5 {[%clk 0:00:11]} 39. Re1 {[%clk 0:00:07]} Rb7
{[%clk 0:00:15]} 40. Kg2 {[%clk 0:00:11]} Kg7 {[%clk 0:00:19]} 41. Rc1
{[%clk 0:00:13]} R4b5 {[%clk 0:00:17]} 42. f4 {[%clk 0:00:17]} gxf4
{[%clk 0:00:17]} 43. gxf4 {[%clk 0:00:21]} f6 {[%clk 0:00:20]} 44. Be4
{[%clk 0:00:08]} Rb2+ {[%clk 0:00:11]} 0-1

[Event "M?R 2020 v rapid ?achu druzstev"]
[Site "Turnov"]
[Date "2020.09.13"]
[Round "9.7"]
[White "Jordanov BAK, Mihail"]
[Black "Burdalev DPP, Kirill"]
[Result "0-1"]
[BlackElo "2299"]
[WhiteElo "1790"]
[LiveChessVersion "1.4.8"]

1. e4 {[%clk 0:15:08]} Nf6 {[%clk 0:15:10]} 2. Nc3 {[%clk 0:15:10]} d5
{[%clk 0:15:14]} 3. exd5 {[%clk 0:15:07]} Nxd5 {[%clk 0:15:17]} 4. Bc4
{[%clk 0:15:07]} Nb6 {[%clk 0:15:22]} 5. Bb3 {[%clk 0:15:10]} Nc6
{[%clk 0:15:26]} 6. d3 {[%clk 0:15:10]} Nd4 {[%clk 0:14:55]} 7. Nge2
{[%clk 0:15:04]} Nxb3 {[%clk 0:14:39]} 8. axb3 {[%clk 0:15:07]} e6
{[%clk 0:14:42]} 9. O-O {[%clk 0:15:05]} Bd7 {[%clk 0:14:32]} 10. Ng3
{[%clk 0:15:02]} Bc6 {[%clk 0:14:19]} 11. Nge4 {[%clk 0:15:00]} Be7
{[%clk 0:14:18]} 12. Bd2 {[%clk 0:14:50]} O-O {[%clk 0:14:20]} 13. Qe2
{[%clk 0:14:35]} Nd5 {[%clk 0:13:20]} 14. Nxd5 {[%clk 0:14:10]} exd5
{[%clk 0:12:38]} 15. Ng3 {[%clk 0:13:57]} Bf6 {[%clk 0:12:35]} 16. c3
{[%clk 0:12:44]} Re8 {[%clk 0:12:27]} 17. Qg4 {[%clk 0:11:54]} Bd7
{[%clk 0:12:27]} 18. Qf3 {[%clk 0:11:53]} Be6 {[%clk 0:09:57]} 19. d4
{[%clk 0:11:33]} g6 {[%clk 0:09:48]} 20. Rfe1 {[%clk 0:10:57]} h5
{[%clk 0:09:34]} 21. h3 {[%clk 0:10:14]} h4 {[%clk 0:09:17]} 22. Ne2
{[%clk 0:09:56]} Bf5 {[%clk 0:08:51]} 23. Nf4 {[%clk 0:08:18]} Re4
{[%clk 0:08:46]} 24. Rxe4 {[%clk 0:07:57]} dxe4 {[%clk 0:08:24]} 25. Qe2
{[%clk 0:06:42]} c6 {[%clk 0:08:04]} 26. Qc4 {[%clk 0:06:08]} Qd7
{[%clk 0:07:19]} 27. Kh2 {[%clk 0:04:30]} Qd6 {[%clk 0:06:55]} 28. Qc5
{[%clk 0:04:03]} Qxc5 {[%clk 0:06:37]} 29. dxc5 {[%clk 0:04:06]} Rd8
{[%clk 0:06:39]} 30. Be3 {[%clk 0:04:06]} a6 {[%clk 0:06:43]} 31. Ne2
{[%clk 0:03:56]} Be6 {[%clk 0:06:20]} 32. Ra4 {[%clk 0:03:07]} Bxb3
{[%clk 0:05:01]} 33. Rxe4 {[%clk 0:02:52]} Bc2 {[%clk 0:03:30]} 34. Rb4
{[%clk 0:02:31]} Rd7 {[%clk 0:03:12]} 35. Bd4 {[%clk 0:02:10]} a5
{[%clk 0:03:10]} 36. Bxf6 {[%clk 0:01:38]} axb4 {[%clk 0:03:14]} 37. cxb4
{[%clk 0:01:42]} Rd2 {[%clk 0:03:05]} 38. Nc3 {[%clk 0:01:08]} Bd3
{[%clk 0:02:42]} 39. Na4 {[%clk 0:00:43]} Bb5 {[%clk 0:02:30]} 40. Nc3
{[%clk 0:00:36]} Rxf2 {[%clk 0:02:19]} 41. Bd4 {[%clk 0:00:36]} Rf4
{[%clk 0:02:00]} 42. Nxb5 {[%clk 0:00:29]} cxb5 {[%clk 0:02:04]} 43. Bc3
{[%clk 0:00:33]} f6 {[%clk 0:01:58]} 44. Kg1 {[%clk 0:00:21]} Kf7
{[%clk 0:01:42]} 45. g3 {[%clk 0:00:14]} hxg3 {[%clk 0:01:25]} 46. Kg2
{[%clk 0:00:18]} g5 {[%clk 0:01:23]} 47. Kxg3 {[%clk 0:00:21]} Kg6
{[%clk 0:01:27]} 48. Bd2 {[%clk 0:00:17]} Rd4 {[%clk 0:01:26]} 49. Bc3
{[%clk 0:00:19]} Rd3+ {[%clk 0:01:28]} 50. Kg2 {[%clk 0:00:23]} f5
{[%clk 0:01:26]} 51. Be5 {[%clk 0:00:21]} f4 {[%clk 0:01:22]} 52. Bc3
{[%clk 0:00:12]} Kf5 {[%clk 0:01:08]} 53. Be1 {[%clk 0:00:12]} Re3
{[%clk 0:01:07]} 54. Bc3 {[%clk 0:00:15]} Re2+ {[%clk 0:01:08]} 55. Kf3
{[%clk 0:00:18]} Rh2 {[%clk 0:01:10]} 0-1